| 000 | 01271nem0a2200325 4500 | ||
|---|---|---|---|
| 001 | RU\NLR\cart\7164 | ||
| 005 | 20250617204809.0 | ||
| 010 | _a978-5-17-075044-3 | ||
| 010 | _a978-5-271-37260-5 | ||
| 035 | _a(NLR Aleph) 004277269 | ||
| 090 |
_a2327890 _c2327890 |
||
| 100 | _a20120221d2011 |||y0rusy50 ca | ||
| 101 | 0 | _arus | |
| 102 | _aRU | ||
| 120 | _abyy xx|| | ||
| 123 | 1 |
_aa _b16 000 000 |
|
| 200 | 1 |
_aФизическая карта России _bКарты |
|
| 206 | _a1:16 000 000, 160 км в 1 см | ||
| 210 |
_aМосква _cАСТ _cАстрель _d2011 |
||
| 215 |
_a2 к.(1 л.) _cцв. _d62х46 см, слож. 15х11 см |
||
| 309 | _aДвусторон. печать | ||
| 327 | 1 | _aДоп. карты: Многолетняя мерзлота.-1:48 000 000; Годовой сток рек.-1:48 000 000; Снежный покров.-1:48 000 000.- На обороте л.: Политическая карта России.- 1:13 500 000 | |
| 509 | 0 | 1 |
_7ca _aРоссия _92633381 _3RU\NLR\auth_crt\55199 |
| 606 | 0 |
_aФизические _92177808 _3RU\NLR\auth_crt\6644 |
|
| 620 | _aРоссия | ||
| 801 | 0 |
_aRU _bNLR _c20120221 _gPSBO |
|
| 852 |
_aNLR _bК _j4-Союз 2/4597 _m11-483 _t11-483а |
||
| 942 | _cMAP | ||
| 980 | _aNB | ||